[Event "22nd ch-EUR Indiv 2022"]
[Site "Terme Catez SLO"]
[Date "2022.04.02"]
[Round "7.7"]
[White "Ivic, Velimir"]
[Black "Nisipeanu, Liviu-Dieter"]
[Result "1/2-1/2"]
[WhiteTitle "GM"]
[BlackTitle "GM"]
[WhiteElo "2610"]
[BlackElo "2652"]
[WhiteFideId "950122"]
[BlackFideId "1202758"]
[EventDate "2022.03.27"]

1. e4 d6 2. d4 Nf6 3. Nc3 e5 4. Nf3 Nbd7 5. Rg1 c6 6. g4 exd4 7. Nxd4 Nc5 8. Qe2
Qb6 9. Nb3 Be6 10. Be3 Be7 11. f4 Bxb3 12. axb3 Qb4 13. O-O-O Qa5 14. Bg2 Qa1+
15. Nb1 Nfd7 16. g5 O-O 17. Bh3 Rfe8 18. e5 Bf8 19. Bxd7 Nxd7 20. h4 Nb6 21. g6
fxg6 22. h5 Nd5 23. hxg6 dxe5 24. f5 Ba3 25. bxa3 Qxb1+ 26. Kxb1 Nc3+ 27. Kb2
Nxe2 28. Rh1 hxg6 29. fxg6 Rad8 30. Rde1 Nf4 31. Bxa7 Rd6 32. Kc1 Rxg6 33. Rh2
Rg2 34. Rxg2 Nxg2 35. Re4 Kf7 36. Bc5 Nf4 37. Rb4 b5 38. a4 Nd5 39. Re4 bxa4 40.
bxa4 Ra8 41. Bd6 Ke6 42. Bxe5 Kf5 43. Re1 g5 44. Bd6 Rxa4 45. Re8 Re4 46. Rf8+
Kg4 47. Rc8 Rc4 48. Kb2 Kf3 49. Rf8+ Ke2 50. Rg8 g4 51. Kb3 Re4 52. c4 Ne3 53.
c5 Nf5 54. Kc3 Nd4 55. Kb4 Nc2+ 56. Ka5 Rb4 57. Rc8 Rb5+ 58. Ka4 Rb7 59. Rxc6
Ra7+ 60. Kb5 Nd4+ 61. Kb6 Nxc6 62. Kxc6 Kf3 63. Kd5 Ra5 64. Ke6 Ra6 65. Kd5 Ra5
66. Ke6 g3 67. Bxg3 Rxc5 68. Bd6 Ke4 1/2-1/2

[Event "22nd ch-EUR Indiv 2022"]
[Site "Terme Catez SLO"]
[Date "2022.04.02"]
[Round "7.8"]
[White "Shevchenko, Kirill"]
[Black "Vocaturo, Daniele"]
[Result "1-0"]
[WhiteTitle "GM"]
[BlackTitle "GM"]
[WhiteElo "2652"]
[BlackElo "2614"]
[WhiteFideId "14129574"]
[BlackFideId "813192"]
[EventDate "2022.03.27"]

1. d4 d5 2. c4 e6 3. Nc3 c5 4. cxd5 cxd4 5. Qa4+ Bd7 6. Qxd4 exd5 7. Qxd5 Nf6 8.
Qd1 Bc5 9. Nf3 O-O 10. e3 Qe7 11. Be2 Rd8 12. O-O Nc6 13. a3 Bd6 14. Qc2 Ne5 15.
Nd4 Rac8 16. Nf5 Bxf5 17. Qxf5 g6 18. Qh3 Nc4 19. Qh4 Qe6 20. Rd1 Na5 21. e4 Re8
22. Bg5 Be5 23. Bb5 Rf8 24. Nd5 Nxd5 25. exd5 Qb6 26. Qb4 Bd6 27. Be3 Bc5 28.
Bxc5 Rxc5 29. Ba4 Qd6 30. Rac1 Rfc8 31. Rxc5 Rxc5 32. Qd2 Nc4 33. Qd4 Nb6 34.
Bb3 Rc8 35. Re1 a5 36. h3 Nd7 37. Qd2 b6 38. Ba4 Nf6 39. Rd1 Rc4 40. Bb5 Re4 41.
Bc6 h5 42. Qd3 Re5 43. Qd4 Re2 44. b4 Rc2 45. Qxb6 axb4 46. axb4 Nxd5 47. b5
Nxb6 48. Rxd6 Nc4 49. Rd4 Kf8 50. g3 Ke7 51. Rd7+ Ke6 52. Rd1 Nb6 53. Kg2 Rb2
54. Rd3 g5 55. Rd8 h4 56. gxh4 gxh4 57. Rd4 f5 58. Rxh4 Ke5 59. Rh8 Nc4 60. Kg3
Rb3+ 61. Kg2 Rb2 62. Rd8 Nd6 63. Kg3 Rb3+ 64. Kg2 f4 65. h4 Nf5 66. h5 Kf6 67.
Rg8 Rb2 68. Kf3 Nd4+ 69. Kxf4 Nxb5 70. h6 Nd6 71. h7 Nf7 72. Kg3 1-0

[Event "22nd ch-EUR Indiv 2022"]
[Site "Terme Catez SLO"]
[Date "2022.04.02"]
[Round "7.9"]
[White "Iskandarov, Misratdin"]
[Black "Santos Latasa, Jaime"]
[Result "1/2-1/2"]
[WhiteTitle "GM"]
[BlackTitle "GM"]
[WhiteElo "2577"]
[BlackElo "2648"]
[WhiteFideId "13400312"]
[BlackFideId "2293307"]
[EventDate "2022.03.27"]

1. e4 e5 2. Nf3 Nc6 3. Bb5 a6 4. Ba4 Nf6 5. d3 b5 6. Bb3 Bc5 7. Nc3 h6 8. Nd5
Rb8 9. c3 d6 10. h3 Nxd5 11. Bxd5 Ne7 12. Bb3 Ng6 13. d4 Bb6 14. dxe5 Nxe5 15.
Nxe5 dxe5 16. Qxd8+ Kxd8 17. Ke2 Ke7 1/2-1/2

[Event "22nd ch-EUR Indiv 2022"]
[Site "Terme Catez SLO"]
[Date "2022.04.02"]
[Round "7.10"]
[White "Sargsyan, Shant"]
[Black "Indjic, Aleksandar"]
[Result "1/2-1/2"]
[WhiteTitle "GM"]
[BlackTitle "GM"]
[WhiteElo "2639"]
[BlackElo "2605"]
[WhiteFideId "13306766"]
[BlackFideId "911925"]
[EventDate "2022.03.27"]

1. d4 d5 2. c4 e6 3. Nf3 a6 4. Bg5 Be7 5. Bxe7 Qxe7 6. Nbd2 Nf6 7. Rc1 O-O 8. g3
b6 9. Bg2 Bb7 10. O-O c5 11. cxd5 exd5 12. Qb3 Qc7 13. dxc5 bxc5 14. Qa3 Nbd7
15. Nb3 c4 16. Na5 Rac8 17. Nxb7 Qxb7 18. Rfd1 Qb6 19. Nd4 Rfe8 20. Rc2 Ne4 21.
Bxe4 Rxe4 22. Rcd2 g6 23. Qc3 Nf6 24. Qf3 h5 25. e3 Rce8 26. h3 R4e5 27. Rc2 Ne4
28. b3 c3 29. Rd3 Qc5 30. Kg2 Qc8 31. Qd1 Qd7 32. h4 g5 33. Qxh5 Kg7 34. Nf3 Rf5
35. Nd4 Rfe5 36. Nf3 Rf5 37. hxg5 Rh8 38. Qg4 Qe6 39. Rdxc3 Nxc3 40. Rxc3 Qe4
41. Qxe4 dxe4 42. Nd2 Rh2+ 43. Kxh2 Rxf2+ 44. Kh3 Rxd2 45. Rc4 Rxa2 46. Rxe4 Ra3
47. b4 a5 48. bxa5 Rxa5 49. Kh4 Ra1 50. Rf4 Ra3 51. e4 Rb3 52. Kh3 Ra3 53. Rh4
Ra4 54. e5 Ra1 55. Re4 Kg6 56. Kg4 Ra5 57. Kf4 Ra1 58. Rb4 Rf1+ 59. Kg4 Re1 60.
Rb6+ Kg7 61. Kf4 Rf1+ 62. Ke4 Re1+ 63. Kd5 Rd1+ 64. Kc5 Rc1+ 65. Kd6 Rd1+ 66.
Ke7 Rd5 1/2-1/2

[Event "22nd ch-EUR Indiv 2022"]
[Site "Terme Catez SLO"]
[Date "2022.04.02"]
[Round "7.11"]
[White "Svane, Rasmus"]
[Black "Michalik, Peter"]
[Result "1/2-1/2"]
[WhiteTitle "GM"]
[BlackTitle "GM"]
[WhiteElo "2637"]
[BlackElo "2585"]
[WhiteFideId "4657101"]
[BlackFideId "14907526"]
[EventDate "2022.03.27"]

1. d4 Nf6 2. Nf3 d5 3. Bf4 e6 4. e3 Bd6 5. Ne5 Nfd7 6. Nd2 Nc6 7. Bb5 Ncxe5 8.
dxe5 c6 9. Bxc6 bxc6 10. exd6 Qf6 11. O-O e5 12. Bg3 1/2-1/2

[Event "22nd ch-EUR Indiv 2022"]
[Site "Terme Catez SLO"]
[Date "2022.04.02"]
[Round "7.12"]
[White "Bjerre, Jonas Buhl"]
[Black "Kollars, Dmitrij"]
[Result "1/2-1/2"]
[WhiteTitle "GM"]
[BlackTitle "GM"]
[WhiteElo "2601"]
[BlackElo "2635"]
[WhiteFideId "1444948"]
[BlackFideId "12909572"]
[EventDate "2022.03.27"]

1. Nf3 d5 2. g3 Bg4 3. Bg2 c6 4. O-O Nf6 5. d3 Nbd7 6. h3 Bh5 7. c4 dxc4 8. dxc4
e6 9. Bf4 h6 10. Nc3 g5 11. Bd6 Bxd6 12. Qxd6 Qe7 13. Qd4 Bxf3 14. Bxf3 Qc5 15.
Qxc5 Nxc5 16. b4 Ncd7 17. b5 Ne5 18. Bg2 Ke7 19. Rab1 Rab8 20. Rb4 cxb5 21. Nxb5
a5 22. Ra4 Rhc8 23. Rxa5 Nxc4 24. Ra7 Nd5 25. Rb1 Rc5 26. a4 Kd7 27. a5 Nd2 28.
Rb2 Nc4 29. Rb3 Nd2 30. Rd3 Rxb5 31. Rxd2 Kc7 32. a6 Kc6 33. e4 Nf6 34. Rd3 Kc5
35. Rc3+ Kd4 36. Rc7 bxa6 37. Rxf7 Nxe4 38. Rxa6 R8b6 39. Ra4+ Rb4 40. Rxb4+
Rxb4 41. Bxe4 Kxe4 42. Rf6 h5 43. Rxe6+ Kf5 44. Rh6 h4 45. g4+ Ke4 46. Re6+ Kd4
47. Kg2 Rb3 48. Re2 Ra3 49. Rb2 Ke5 50. Rb5+ Kf6 51. Rf5+ Kg6 52. Rf3 Ra4 53.
Rd3 Ra6 54. Kf3 Ra4 55. Ke3 Kf6 56. Rc3 Rb4 57. Ra3 Kg6 58. Ra6+ Kg7 59. Rd6 Ra4
60. f3 Ra1 61. Ke4 Rf1 62. Ra6 Rf2 63. Ra3 Kf6 64. Re3 Rf1 65. Rd3 Re1+ 66. Re3
Rf1 67. Ra3 Re1+ 68. Kd4 Rd1+ 69. Rd3 Rh1 70. f4 gxf4 71. Ke4 Kg5 72. Rd5+ Kg6
73. Rd3 Kg5 74. Rd5+ Kg6 75. Rd3 1/2-1/2

[Event "22nd ch-EUR Indiv 2022"]
[Site "Terme Catez SLO"]
[Date "2022.04.02"]
[Round "7.13"]
[White "Martirosyan, Haik M."]
[Black "Safarli, Eltaj"]
[Result "1/2-1/2"]
[WhiteTitle "GM"]
[BlackTitle "GM"]
[WhiteElo "2633"]
[BlackElo "2589"]
[WhiteFideId "13306553"]
[BlackFideId "13402129"]
[EventDate "2022.03.27"]

1. d4 Nf6 2. c4 g6 3. f3 d5 4. cxd5 Nxd5 5. e4 Nb6 6. Nc3 Bg7 7. Be3 O-O 8. Qd2
Qd6 9. O-O-O Rd8 10. Kb1 Qb4 11. a3 Qb3 12. Qc2 Qxc2+ 13. Kxc2 c6 14. Nge2 N8d7
15. Nc1 Nf8 16. Nb3 f5 17. Be2 fxe4 18. fxe4 e5 19. dxe5 Re8 20. Rhf1 Bxe5 1/2-1/2

[Event "22nd ch-EUR Indiv 2022"]
[Site "Terme Catez SLO"]
[Date "2022.04.02"]
[Round "7.14"]
[White "Stefansson, Hannes"]
[Black "Moussard, Jules"]
[Result "0-1"]
[WhiteTitle "GM"]
[BlackTitle "GM"]
[WhiteElo "2520"]
[BlackElo "2630"]
[WhiteFideId "2300087"]
[BlackFideId "642908"]
[EventDate "2022.03.27"]

1. e4 c5 2. Nf3 d6 3. Bb5+ Bd7 4. Bxd7+ Nxd7 5. O-O Ngf6 6. Qe2 e6 7. d4 cxd4 8.
Nxd4 Be7 9. c4 Qa5 10. Nc3 Rc8 11. Be3 a6 12. Rac1 O-O 13. b3 Rfe8 14. Bd2 Qe5
15. Nf3 Qh5 16. Bf4 Qg4 17. Qd2 Nh5 18. Be3 Nc5 19. h3 Qg6 20. Rfd1 Nxe4 21.
Nxe4 Qxe4 22. Bg5 Bxg5 23. Nxg5 Qg6 24. Qe3 e5 25. Ne4 Nf4 26. g3 Nxh3+ 27. Kh2
Nf4 28. f3 Qh6+ 0-1

[Event "22nd ch-EUR Indiv 2022"]
[Site "Terme Catez SLO"]
[Date "2022.04.02"]
[Round "7.15"]
[White "Durarbayli, Vasif"]
[Black "Can, Emre"]
[Result "1/2-1/2"]
[WhiteTitle "GM"]
[BlackTitle "GM"]
[WhiteElo "2628"]
[BlackElo "2578"]
[WhiteFideId "13402935"]
[BlackFideId "6302181"]
[EventDate "2022.03.27"]

1. e4 c5 2. Nf3 d6 3. d4 cxd4 4. Nxd4 Nf6 5. Nc3 a6 6. Be3 e5 7. Nf3 Qc7 8. Be2
Be7 9. a4 O-O 10. O-O Be6 11. a5 h6 12. Nd5 Nxd5 13. exd5 Bg4 14. c4 Nd7 15. b4
Bxf3 16. gxf3 Bg5 17. Qd2 Qd8 18. Kh1 Re8 19. Bxg5 Qxg5 20. Qxg5 hxg5 21. Rg1 f6
22. Rac1 Rac8 23. Bd3 Kf7 24. Bf5 Rc7 25. c5 g6 26. Be6+ Ke7 27. cxd6+ Kxd6 28.
Rxc7 Kxc7 29. Bf7 Rh8 30. Bxg6 Kd6 31. Bf5 Rc8 32. Rb1 Rc4 33. Kg2 Rf4 34. Bxd7
Kxd7 35. b5 Kd6 36. bxa6 bxa6 37. Rb6+ Kxd5 38. Rxa6 e4 39. fxe4+ Kxe4 40. Rb6
Kf5 41. a6 Ra4 42. Kf3 Ke5 43. Ke3 f5 44. h3 Ra3+ 45. Kd2 Ke4 46. Kc2 Ra5 47.
Kb3 Kf3 48. Kb4 Ra1 49. Kb5 Kxf2 50. Rg6 f4 51. Rxg5 f3 52. Rg7 Ke3 53. Re7+ Kf4
54. a7 Kg3 55. Rf7 f2 56. Kb6 Rb1+ 57. Kc6 Ra1 1/2-1/2

[Event "22nd ch-EUR Indiv 2022"]
[Site "Terme Catez SLO"]
[Date "2022.04.02"]
[Round "7.16"]
[White "Lagarde, Maxime"]
[Black "Kjartansson, Gudmundur"]
[Result "1-0"]
[WhiteTitle "GM"]
[BlackTitle "GM"]
[WhiteElo "2626"]
[BlackElo "2450"]
[WhiteFideId "662399"]
[BlackFideId "2301318"]
[EventDate "2022.03.27"]

1. e4 c5 2. Nf3 d6 3. d4 cxd4 4. Nxd4 Nf6 5. Nc3 a6 6. g3 g6 7. Bg2 Bg7 8. O-O
O-O 9. h3 Nc6 10. Be3 Bd7 11. Nde2 Rb8 12. a4 Rc8 13. Nd5 Nxd5 14. exd5 Nb8 15.
Bd4 Bh6 16. a5 Qc7 17. Nc3 Bg7 18. Re1 Rfe8 19. Bb6 Qc4 20. Re4 Qxe4 21. Nxe4
Bxb2 22. Rb1 Bg7 23. Bd4 Bxd4 24. Qxd4 Rxc2 25. Rxb7 Rc1+ 26. Kh2 Bb5 27. Qa7 1-0

[Event "22nd ch-EUR Indiv 2022"]
[Site "Terme Catez SLO"]
[Date "2022.04.02"]
[Round "7.17"]
[White "Prohaszka, Peter2"]
[Black "Navara, David"]
[Result "1/2-1/2"]
[WhiteTitle "GM"]
[BlackTitle "GM"]
[WhiteElo "2573"]
[BlackElo "2700"]
[WhiteFideId "726265"]
[BlackFideId "309095"]
[EventDate "2022.03.27"]

1. d4 Nf6 2. c4 e6 3. g3 d5 4. Bg2 Be7 5. Nf3 O-O 6. O-O dxc4 7. Qc2 a6 8. a4
Bd7 9. Qxc4 Bc6 10. Bf4 Bd6 11. Qc1 Nbd7 12. Nc3 Qe7 13. a5 Nd5 14. Bxd6 cxd6
15. Nxd5 Bxd5 16. Qd2 Rfc8 17. Rfc1 Rc6 18. Rxc6 Bxc6 19. Rc1 Qd8 20. Qb4 d5 21.
e3 Qf8 22. Qc3 Rc8 23. Bf1 Nf6 24. Ne5 Bd7 25. Qe1 h6 26. Rc3 Qd8 27. Rxc8 Qxc8
28. Bd3 Bb5 29. Bxb5 axb5 30. Qb4 Qc2 31. Qe7 Qb1+ 32. Kg2 Qe4+ 33. Kg1 Qb1+ 34.
Kg2 Qe4+ 35. Kg1 Qb1+ 1/2-1/2

[Event "22nd ch-EUR Indiv 2022"]
[Site "Terme Catez SLO"]
[Date "2022.04.02"]
[Round "7.18"]
[White "Anton Guijarro, David"]
[Black "Kadric, Denis"]
[Result "1-0"]
[WhiteTitle "GM"]
[BlackTitle "GM"]
[WhiteElo "2694"]
[BlackElo "2573"]
[WhiteFideId "2285525"]
[BlackFideId "14403803"]
[EventDate "2022.03.27"]

1. d4 Nf6 2. c4 d6 3. Nc3 e5 4. Nf3 Nbd7 5. e4 g6 6. Be2 Bg7 7. O-O O-O 8. Be3
c6 9. d5 c5 10. Nd2 Kh8 11. Kh1 Ng8 12. g3 f5 13. exf5 gxf5 14. f4 e4 15. g4 Bd4
16. Bxd4+ cxd4 17. Ncxe4 fxe4 18. Nxe4 Ndf6 19. Qxd4 Re8 20. Nc3 Qb6 21. Qxb6
axb6 22. f5 Ne4 23. Nb5 Re5 24. Nc7 Ra4 25. b3 Ra3 26. Nb5 Ra8 27. Nc7 Ra5 28.
Bd3 Ngf6 29. Bxe4 Nxe4 30. Kg2 Kg8 31. Rfe1 Rc5 32. Nb5 Re8 33. Kf3 Ng5+ 34. Kf4
Rxe1 35. Rxe1 Nf7 36. Re8+ Kg7 37. g5 1-0

[Event "22nd ch-EUR Indiv 2022"]
[Site "Terme Catez SLO"]
[Date "2022.04.02"]
[Round "7.19"]
[White "Alonso Rosell, Alvar"]
[Black "Volokitin, Andrei"]
[Result "0-1"]
[WhiteTitle "GM"]
[BlackTitle "GM"]
[WhiteElo "2565"]
[BlackElo "2687"]
[WhiteFideId "2270544"]
[BlackFideId "14107090"]
[EventDate "2022.03.27"]

1. d4 Nf6 2. c4 e6 3. g3 Bb4+ 4. Nd2 d5 5. Bg2 O-O 6. Nf3 dxc4 7. Qc2 a5 8. a3
Bxd2+ 9. Bxd2 b5 10. a4 c6 11. e4 h6 12. g4 e5 13. dxe5 Nh7 14. Be3 Na6 15. O-O
Nb4 16. Qc3 Bxg4 17. Nd4 Qc8 18. axb5 cxb5 19. f4 Nd3 20. Qc2 b4 21. b3 Bh3 22.
Bxh3 Qxh3 23. Rf3 Qc8 24. Nf5 Kh8 25. Bd4 Nc5 26. bxc4 Ne6 27. Be3 a4 28. Nd6 b3
29. Nxc8 bxc2 30. Nb6 Rad8 31. Nd5 Rb8 32. Ra2 Rb1+ 33. Rf1 Nd4 34. Nc3 Rfb8 35.
Kf2 Rxf1+ 36. Kxf1 Rb1+ 37. Kf2 c1=Q 38. Bxc1 Rxc1 39. Rxa4 Rxc3 40. Ra8+ Nf8
41. Rxf8+ Kh7 42. Rxf7 Rxc4 43. Ke3 Ne6 44. Re7 Nc5 45. f5 Rxe4+ 46. Kf3 Kg8 47.
f6 g5 48. Rg7+ Kf8 49. Rh7 Rh4 50. Kg3 Ne6 51. Rh8+ Kf7 52. Rh7+ Kg6 53. Re7 Kf5 0-1

[Event "22nd ch-EUR Indiv 2022"]
[Site "Terme Catez SLO"]
[Date "2022.04.02"]
[Round "7.20"]
[White "Kryvoruchko, Yuriy"]
[Black "Blomqvist, Erik"]
[Result "1/2-1/2"]
[WhiteTitle "GM"]
[BlackTitle "GM"]
[WhiteElo "2683"]
[BlackElo "2542"]
[WhiteFideId "14109182"]
[BlackFideId "1709437"]
[EventDate "2022.03.27"]

1. e4 c5 2. Nf3 e6 3. d4 cxd4 4. Nxd4 Nf6 5. Nc3 Nc6 6. Ndb5 Bb4 7. a3 Bxc3+ 8.
Nxc3 d5 9. exd5 exd5 10. Bd3 O-O 11. O-O Bg4 12. f3 Bh5 13. Bg5 Qb6+ 14. Kh1 Ne4
15. Nxe4 dxe4 16. Bxe4 Qxb2 17. Qb1 Qb6 18. f4 Be2 19. Re1 Bc4 20. c3 h6 21. Bh4
Rfe8 22. Bf3 Qc7 23. Bg3 f6 24. Qf5 Ne7 25. Qc2 Rad8 26. Re3 Nd5 27. Rxe8+ Rxe8
28. Qd2 Rd8 29. f5 Qa5 30. Qe1 Kh8 31. Rd1 Qa4 32. Rd4 Re8 33. Qb1 Nxc3 34. Qb2 1/2-1/2

[Event "22nd ch-EUR Indiv 2022"]
[Site "Terme Catez SLO"]
[Date "2022.04.02"]
[Round "7.21"]
[White "Areshchenko, Alexander"]
[Black "Teclaf, Pawel"]
[Result "1-0"]
[WhiteTitle "GM"]
[BlackTitle "IM"]
[WhiteElo "2670"]
[BlackElo "2542"]
[WhiteFideId "14109530"]
[BlackFideId "1185934"]
[EventDate "2022.03.27"]

1. e4 e6 2. d4 d5 3. Nc3 dxe4 4. Nxe4 Nd7 5. Bd3 Ngf6 6. Nf3 c5 7. Nxf6+ Nxf6 8.
Be3 Qc7 9. Qe2 Be7 10. dxc5 O-O 11. Bd4 Bxc5 12. Bxf6 gxf6 13. O-O-O b6 14. Qe4
f5 15. Qh4 Be7 16. Qh6 Bd6 17. Kb1 Bf4 18. Qh5 f6 19. g4 Qf7 20. Qh3 e5 21. gxf5
Bb7 22. Rhg1+ Kh8 23. Nh4 Qh5 24. Be2 Qh6 25. Rg4 Rg8 26. Ng6+ Rxg6 27. fxg6
Qxh3 28. g7+ Kg8 29. Bc4+ Bd5 30. Bxd5# 1-0

[Event "22nd ch-EUR Indiv 2022"]
[Site "Terme Catez SLO"]
[Date "2022.04.02"]
[Round "7.22"]
[White "Tari, Aryan"]
[Black "Dardha, Daniel"]
[Result "1/2-1/2"]
[WhiteTitle "GM"]
[BlackTitle "GM"]
[WhiteElo "2653"]
[BlackElo "2540"]
[WhiteFideId "1510045"]
[BlackFideId "240990"]
[EventDate "2022.03.27"]

1. e4 c5 2. Nf3 Nc6 3. Bb5 e6 4. O-O Nge7 5. Re1 a6 6. Bf1 d5 7. exd5 Nxd5 8. d4
Nf6 9. Be3 cxd4 10. Nxd4 Bd7 11. c4 Qc7 12. Nc3 Be7 13. h3 O-O 14. Rc1 Rfd8 15.
Nf3 Rac8 16. a3 Be8 17. Qc2 Bd6 18. Na4 Qe7 19. Nb6 Rb8 20. b4 Ne5 21. Nd2 Ng6
22. Bg5 Qc7 23. Ne4 Nxe4 24. Qxe4 Bc6 25. Qe3 Re8 26. Qd2 h6 27. Be3 Rbd8 28.
Qc3 Bh2+ 29. Kh1 Be5 30. Qb3 Bd4 31. Nd5 exd5 32. Bxd4 Rxe1 33. Rxe1 dxc4 34.
Qc3 Qf4 35. Bxg7 Rd2 36. f3 1/2-1/2

[Event "22nd ch-EUR Indiv 2022"]
[Site "Terme Catez SLO"]
[Date "2022.04.02"]
[Round "7.23"]
[White "Ragger, Markus"]
[Black "Lodici, Lorenzo"]
[Result "1-0"]
[WhiteTitle "GM"]
[BlackTitle "GM"]
[WhiteElo "2647"]
[BlackElo "2537"]
[WhiteFideId "1610856"]
[BlackFideId "884189"]
[EventDate "2022.03.27"]

1. e4 e5 2. Nf3 Nc6 3. Bb5 a6 4. Ba4 Bc5 5. c3 Nge7 6. d4 exd4 7. cxd4 Bb4+ 8.
Bd2 Bxd2+ 9. Qxd2 d5 10. exd5 Qxd5 11. Nc3 Qe6+ 12. Qe3 O-O 13. O-O Qd6 14. Rad1
Bg4 15. d5 Na5 16. Rfe1 Ng6 17. Rd4 Bxf3 18. Qxf3 b5 19. Bc2 Rae8 20. Rde4 Rxe4
21. Qxe4 Nc4 22. a4 Qc5 23. axb5 Nd6 24. Qe3 Qxe3 25. Rxe3 axb5 26. g3 Rb8 27.
Na2 Nc4 28. Rc3 Nge5 29. Nb4 Nxb2 30. Rxc7 Nbc4 31. Nc6 Nf3+ 32. Kg2 Ne1+ 33.
Kf1 Re8 34. Bd1 Nd3 35. Be2 Ndb2 36. Nd4 Kf8 37. Nxb5 Nd2+ 38. Kg2 Rxe2 39. Nd4
Re8 40. d6 Nb3 41. d7 Nxd4 42. Rc8 Rd8 43. Rxd8+ Ke7 44. Rb8 Kxd7 45. Rxb2 Ke7
46. Rb7+ Kf6 47. Rb6+ Kf5 48. g4+ Kg5 49. Rb7 Ne6 50. Kg3 Kf6 51. f4 g6 52. Kf3
h6 53. Rb6 Kg7 54. Ke4 Nf8 55. Rd6 Ne6 56. Ke5 Nf8 57. h4 1-0

[Event "22nd ch-EUR Indiv 2022"]
[Site "Terme Catez SLO"]
[Date "2022.04.02"]
[Round "7.24"]
[White "Dragnev, Valentin"]
[Black "Petrosyan, Manuel"]
[Result "1/2-1/2"]
[WhiteTitle "GM"]
[BlackTitle "GM"]
[WhiteElo "2546"]
[BlackElo "2637"]
[WhiteFideId "1634852"]
[BlackFideId "13300857"]
[EventDate "2022.03.27"]

1. e4 e5 2. Nf3 Nc6 3. Bb5 a6 4. Ba4 Nf6 5. O-O Be7 6. Re1 b5 7. Bb3 O-O 8. a4
Bb7 9. d3 d6 10. Bd2 Rb8 11. axb5 axb5 12. Nc3 Bc8 13. Nd5 Nxd5 14. exd5 Nd4 15.
Nxd4 exd4 16. Ra7 Bf6 17. h3 h6 18. Qa1 Bb7 19. Qd1 Re8 20. Rxe8+ Qxe8 21. Qg4
Kh8 22. Ba5 Qd8 23. Bd2 Qe8 24. Qe4 Qc8 25. Qf3 Kh7 26. Qe4+ Kh8 27. Qf3 Kh7 28.
Qe4+ Kh8 1/2-1/2

[Event "22nd ch-EUR Indiv 2022"]
[Site "Terme Catez SLO"]
[Date "2022.04.02"]
[Round "7.25"]
[White "Kobo, Ori"]
[Black "Donchenko, Alexander"]
[Result "1-0"]
[WhiteTitle "GM"]
[BlackTitle "GM"]
[WhiteElo "2510"]
[BlackElo "2636"]
[WhiteFideId "2812320"]
[BlackFideId "24603295"]
[EventDate "2022.03.27"]

1. d4 Nf6 2. c4 e6 3. Nc3 Bb4 4. e3 O-O 5. Bd3 Re8 6. Ne2 d5 7. O-O Nbd7 8. cxd5
exd5 9. Bd2 Bd6 10. Rc1 c6 11. f3 Nf8 12. Kh1 Be6 13. Be1 a6 14. Bf2 Rc8 15. Qd2
Ng6 16. Na4 Nd7 17. b4 f5 18. Nc5 Nxc5 19. bxc5 Bc7 20. Rb1 Ba5 21. Qc2 Qd7 22.
Rb3 Ra8 23. Rfb1 Ra7 24. Bg3 Qf7 25. Nf4 Bc8 26. Nxg6 hxg6 27. Be5 Bd8 28. Qf2
g5 29. f4 Qh5 30. fxg5 Bxg5 31. Rf1 Rf8 32. g4 Qh6 33. gxf5 Bxe3 34. Qg2 Rf7 35.
Bc2 Ra8 36. Rf3 Bc1 37. f6 Bg5 38. fxg7 Be6 39. Rxf7 Bxf7 40. Rxb7 Bh4 41. Rb1
Re8 42. Rf1 Be7 43. Qg3 Be6 44. Qg6 Qxg6 45. Bxg6 Ra8 46. Bf5 1-0

[Event "22nd ch-EUR Indiv 2022"]
[Site "Terme Catez SLO"]
[Date "2022.04.02"]
[Round "7.26"]
[White "Ponomariov, Ruslan"]
[Black "Kelires, Andreas"]
[Result "1/2-1/2"]
[WhiteTitle "GM"]
[BlackTitle "GM"]
[WhiteElo "2636"]
[BlackElo "2536"]
[WhiteFideId "14103320"]
[BlackFideId "5900727"]
[EventDate "2022.03.27"]

1. e4 e5 2. Nf3 Nc6 3. Bb5 a6 4. Ba4 Nf6 5. Nc3 Be7 6. d3 b5 7. Bb3 d6 8. a3 O-O
9. O-O Rb8 10. Ba2 b4 11. axb4 Nxb4 12. Bb1 c5 13. Ne2 a5 14. c3 Nc6 15. Ng3 Be6
16. Nd2 d5 17. exd5 Nxd5 18. Nc4 Nf4 19. Bc2 Qd5 20. Ne3 Qd7 21. Ne2 Ng6 22. Nc4
Bd5 23. Ne3 Be6 24. Nc4 Bd5 25. Ne3 Be6 1/2-1/2

[Event "22nd ch-EUR Indiv 2022"]
[Site "Terme Catez SLO"]
[Date "2022.04.02"]
[Round "7.27"]
[White "Abasov, Nijat"]
[Black "Kulaots, Kaido"]
[Result "1-0"]
[WhiteTitle "GM"]
[BlackTitle "GM"]
[WhiteElo "2630"]
[BlackElo "2527"]
[WhiteFideId "13402960"]
[BlackFideId "4500261"]
[EventDate "2022.03.27"]

1. d4 Nf6 2. c4 g6 3. Nc3 d5 4. cxd5 Nxd5 5. Bd2 Bg7 6. e4 Nxc3 7. Bxc3 O-O 8.
Qd2 c5 9. d5 Bxc3 10. bxc3 Qd6 11. Bd3 e6 12. Bc4 exd5 13. Bxd5 Qf6 14. Ne2 Nd7
15. O-O Nb6 16. c4 Nxd5 17. cxd5 b6 18. f4 Ba6 19. Rad1 Rfe8 20. e5 Qh4 21. Nc3
Bxf1 22. Rxf1 Red8 23. Ne4 Qe7 24. Rf3 f5 25. Nf6+ Kg7 26. Rh3 h6 27. Qe1 Rh8
28. Qc3 Rad8 29. Rd3 Rhf8 30. d6 Qe6 31. Nd5 Kh7 32. Nc7 Qxa2 33. e6 Qb1+ 34.
Kf2 Qa2+ 35. Rd2 Qa4 36. e7 Qxf4+ 37. Kg1 Qe4 38. Rd1 h5 39. Re1 Qd4+ 40. Qxd4
cxd4 41. Ne6 1-0

[Event "22nd ch-EUR Indiv 2022"]
[Site "Terme Catez SLO"]
[Date "2022.04.02"]
[Round "7.28"]
[White "Bartel, Mateusz"]
[Black "Nesterov, Arseniy"]
[Result "0-1"]
[WhiteTitle "GM"]
[BlackTitle "GM"]
[WhiteElo "2616"]
[BlackElo "2522"]
[WhiteFideId "1112635"]
[BlackFideId "24198455"]
[EventDate "2022.03.27"]

1. e4 e5 2. Nf3 Nf6 3. Nxe5 d6 4. Nf3 Nxe4 5. Bd3 Nf6 6. O-O Be7 7. h3 O-O 8. c3
d5 9. Bc2 Bd6 10. d4 Nbd7 11. Nh4 Re8 12. Nf5 Nf8 13. Nxd6 Qxd6 14. Qf3 Ng6 15.
Be3 Nh4 16. Qf4 Qxf4 17. Bxf4 Bf5 18. Ba4 c6 19. Nd2 a5 20. Kh2 Bd3 21. Rg1 b5
22. Bd1 a4 23. g4 Be2 24. Bg5 Ne4 25. Nxe4 Nf3+ 26. Kg2 Nxg1 27. Nd6 Re6 28. Nf5
a3 29. b4 Nf3 30. Be3 Ne1+ 31. Kg3 Bc4 32. Bd2 Nd3 33. Ne3 Nb2 34. Bf3 Bd3 35.
h4 Nc4 36. Nxc4 Bxc4 37. Be3 Rae8 38. Kf4 f6 39. Re1 g5+ 40. hxg5 fxg5+ 41. Kxg5
Rf8 42. Be2 Bxe2 43. Rxe2 Rf3 44. Re1 Rh3 45. Kf5 Kf7 46. Rg1 Rf6+ 47. Ke5 Rhf3
48. Rh1 Re6# 0-1